000 00743nam a2200289Ia 4500
005 20260324113746.0
008 008 260324s9999 xx 000 0 eng d
020 _a9781003314851
037 _aEBOOK
040 _aCRL
040 _beng
040 _cCRL
041 _2eng
041 _aeng
084 _qCRL
100 _aS. Kannadhasan; R. Nagarajan; Alagar Karthick
_91148056
245 0 _aIntelligent Technologies for Sensors
245 0 _bApplications, Design, and Optimization for a Smart World
260 _bTaylor and Francis
260 _c2023
365 _a
365 _b290
856 _uhttp://www.taylorfrancis.com/books/9781003314851
942 _cEBOOK
999 _c1737875
_d1737875